Antenna Theory Analysis and Design (Record no. 6698)

MARC details
000 -LEADER
fixed length control field 00361nam a2200145Ia 4500
003 - CONTROL NUMBER IDENTIFIER
control field OSt
008 - FIXED-LENGTH DATA ELEMENTS--GENERAL INFORMATION
fixed length control field 191201s2017 xx 000 0 und d
082 ## - DEWEY DECIMAL CLASSIFICATION NUMBER
Classification number 621.3841
Item number BAA
100 ## - MAIN ENTRY--PERSONAL NAME
Personal name BALANIS, Constantine A.
245 #0 - TITLE STATEMENT
Title Antenna Theory Analysis and Design
260 ## - PUBLICATION, DISTRIBUTION, ETC. (IMPRINT)
Place of publication, distribution, etc New Delhi
Name of publisher, distributor, etc Wiley India
Date of publication, distribution, etc 2017
300 ## - PHYSICAL DESCRIPTION
Extent 1117
650 ## - SUBJECT ADDED ENTRY--TOPICAL TERM
Topical term or geographic name as entry element B.Tech(ECE)
942 ## - ADDED ENTRY ELEMENTS (KOHA)
Source of classification or shelving scheme Dewey Decimal Classification
Koha item type Text Books
Holdings
Withdrawn status Lost status Source of classification or shelving scheme Damaged status Not for loan Collection code Home library Current library Date acquired Source of acquisition Cost, normal purchase price Bill Number Total Checkouts Full call number Acc. no. / Barcode Date last seen Date last borrowed Actual Cost, discounted price Bill Date Koha item type Checked out Public note
    Dewey Decimal Classification     B.Tech(ECE) PIET C-LIBRARY PIET C-LIBRARY 09/01/2017 KIRTI PRAKASHAN, NEW DELHI 779.00 IN811 1 621.3841 BAA 29734 19/06/2025 19/06/2025 529.72 31/08/2017 Reference Books    
    Dewey Decimal Classification     B.Tech(ECE) PIET C-LIBRARY PIET C-LIBRARY 09/01/2017 KIRTI PRAKASHAN, NEW DELHI 779.00 IN811 1 621.3841 BAA 29735 21/01/2022 21/01/2022 529.72 31/08/2017 Text Books 20/07/2022 .
    Dewey Decimal Classification     B.Tech(ECE) PIET C-LIBRARY PIET C-LIBRARY 09/01/2017 KIRTI PRAKASHAN, NEW DELHI 779.00 IN811   621.3841 BAA 29736 04/12/2019   529.72 31/08/2017 Text Books    
    Dewey Decimal Classification     B.Tech(ECE) PIET C-LIBRARY PIET C-LIBRARY 09/01/2017 KIRTI PRAKASHAN, NEW DELHI 779.00 IN811 2 621.3841 BAA 29737 23/06/2025 19/06/2025 529.72 31/08/2017 Text Books    
    Dewey Decimal Classification     B.Tech(ECE) PIET C-LIBRARY PIET C-LIBRARY 09/01/2017 KIRTI PRAKASHAN, NEW DELHI 779.00 IN811 1 621.3841 BAA 29738 22/11/2022 27/03/2021 529.72 31/08/2017 Text Books    

Design & Developed by: PIET Central Library
R70 Miles Stone Pattikalyana Samalkha Panipat 132102
mail ID :- [email protected], Phone No:- 0180-2569700 Ex.216